000 00427nam a22000977a 4500
100 _aमिश्र,गोविन्‍द
_972991
245 _aभगवान ने चाहा तो ( बालोपयोगी कहानियॉ )
260 _aनई दिल्‍ली
_bसस्‍ता साहित्‍य मण्‍डल
_c2016
650 _aचिल्‍ड्रन बुक
_9159
942 _cHIN
999 _c63209
_d63209